Novela zákona o elektronickom podpise a očakávané prínosy pre daňové subjekty

Problematiku elektronického podpisovania v Slovenskej republike upravuje jeden z prvých zákonov súčasnej informačnej spoločnosti, t.j. zákon č. 215/2002 Z.z. o elektronickom podpise a o zmene a doplnení niektorých zákonov v z.n.p. V roku 2002 bol zákon o elektronickom podpise vickrát novelizovaný. I...

Ausführliche Beschreibung

Gespeichert in:
Bibliographische Detailangaben
1. Verfasser: Gregušová, Daniela
Weitere Verfasser: Mikulášková, Zuzana
Format: Buchkapitel
Sprache:Slowakisch
Schlagworte:
Tags: Tag hinzufügen
Keine Tags, Fügen Sie das erste Tag hinzu!

MARC

LEADER 00000naa$a2200000$$$4500
001 0086086
005 20231127094851.1
041 0 |a slo 
044 |a SK 
245 1 0 |a Novela zákona o elektronickom podpise a očakávané prínosy pre daňové subjekty  |c Daniela Gregušová, Zuzana Mikulášková 
520 |a Problematiku elektronického podpisovania v Slovenskej republike upravuje jeden z prvých zákonov súčasnej informačnej spoločnosti, t.j. zákon č. 215/2002 Z.z. o elektronickom podpise a o zmene a doplnení niektorých zákonov v z.n.p. V roku 2002 bol zákon o elektronickom podpise vickrát novelizovaný. Informácia o novele zákona č. 214/2008 Z.z. 
610 2 0 |a novelizácia 
610 2 0 |a Slovensko 
610 2 0 |a zákony 
610 2 0 |a podpis elektronický 
100 1 |a Gregušová, Daniela 
700 1 |a Mikulášková, Zuzana